00369nam a2200121Ia 4500008004100000100002200041245013300063260001200196260001100208260000900219300000800228650001100236160123s9999 xx 000 0 und d10aSamarasekera,S.K. aSynthesis of a Novolac Resin and Evaluating Its Suitability to be Used as a Compounding Ingredient in Natural Rubber Coumpounds aColombo bIchemc c2013 a100 aRubber